01017nam a22002534aa4500003000800000005001700008008004100025040003000066041000800096044000700104082001800111100003500129245018600164260002600350300004300376500003600419502018000455650002100635653002300656653002000679653001500699653001300714700003600727BOFEUTO20260512151032.0260504t2025 bo gr 000 f spa d 6BOFEUTOaBOFEUTOcBOFEUTO aspa abo aTE6298bL925p aLoza Alonzo, Fabio Ivereautor aPlan de mejora continua con la metodología seis sigma aplicada al servicio de recolección de residuos sólidos en E. M.A.O. /c Fabio Iver Loza Alonzo, César Choque García aOruro :bs/n, c2025. a164 hojas ;bgráf. ilus. ;c28.5 cm. aIncluye bibliografía, anexos. aTesis Dirigida, (Licenciatura) -- Universidad Técnica de Oruro, Facultad de Ciencias Económicas, Financieras y Administrativas, Carrera Administración de Empresas, 2025. aAdministración aResiduos Sólidos aPlanificación aSeis Sigma aProcesos aChoque García, Césaretutor